Entrenamiento muscular
Saved in:
| 主要作者: | |
|---|---|
| 格式: | 圖書 |
| 語言: | 西班牙语 |
| 出版: |
Barcelona
Paidotribo
2004
|
| 主題: | |
| 標簽: |
添加標簽
沒有標簽, 成為第一個標記此記錄!
|
MARC
| LEADER | 00000nam a2200000 a 4500 | ||
|---|---|---|---|
| 001 | UCL6355 | ||
| 003 | CL-VaPUC | ||
| 008 | 040402e20040000SP |||||||||||||||||spa|d | ||
| 020 | |a 8480197110 | ||
| 082 | 0 | 4 | |a 796.077 |b ZIM |2 21 |
| 100 | 0 | |a Zimmermann, Klaus |e author |9 484016 | |
| 245 | 1 | 0 | |a Entrenamiento muscular |
| 300 | |a 292 p | ||
| 942 | |c BK | ||
| 945 | |d 20040402 00:00:00 |a cmena | ||
| 260 | |a Barcelona |b Paidotribo |c 2004 | ||
| 650 | 7 | |a ENTRENAMIENTO ATLETICO |2 CL-VaPUC |9 484017 | |
| 650 | 7 | |a SISTEMA MUSCULO ESQUELETICO |2 CL-VaPUC |9 477666 | |
| 650 | 7 | |a RENDIMIENTO DEPORTIVO |2 CL-VaPUC |9 432769 | |
| 650 | 0 | |a Aptitud física |9 373835 | |
| 583 | |a last modification |c 20040402 00:00:00 |k Rodrigo Vera | ||
| 999 | |c 308467 |d 308465 | ||
| 952 | |0 0 |1 0 |4 0 |6 796_077000000000000_ZIM_2004 |7 0 |8 A |9 375012 |a BIBEDU |b BIBEDU |d 2019-11-21 |i 4002008 |o 796.077 ZIM 2004 |p 4002008 |r 2019-11-21 |w 2019-11-21 |y BK |k EFI | ||